[Event "ESP-ch U18"]
[Site "Salobrena"]
[Date "2022.08.04"]
[Round "6"]
[White "Gomila Benejam, Teodoro"]
[Black "Joglar Garcia, Maria"]
[Result "1-0"]
[WhiteElo "2114"]
[BlackElo "1846"]
[PlyCount "71"]
[EventDate "2022.08.01"]
[EventType "swiss"]
[EventRounds "9"]
[EventCountry "ESP"]
[SourceTitle "EXT 2023"]
[Source "ChessBase"]
[SourceDate "2022.10.05"]
[SourceVersion "1"]
[SourceVersionDate "2022.10.05"]
[SourceQuality "1"]

1. e4 c5 2. Nf3 d6 3. d4 cxd4 4. Nxd4 Nf6 5. Nc3 Nc6 6. Bg5 Bd7 7. Qd2 Rc8 8. 0-0-0 Nxd4 9. Qxd4 Qa5 10. f4 e5 11. Qd3 Rxc3 12. bxc3 Bc6 13. Bxf6 gxf6 14. Kb1 Bd7 15. g3 a6 16. Qd5 Qxd5 17. exd5 e4 18. Re1 f5 19. g4 Bh6 20. gxf5 Bxf5 21. Bg2 Kd7 22. Bxe4 Bg4 23. h3 Bh5 24. Bf5+ Kd8 25. Bg4 Bxg4 26. hxg4 Bxf4 27. Ref1 Bg5 28. Rxf7 b6 29. Rfxh7 Rxh7 30. Rxh7 Bd2 31. Kb2 Ke8 32. Kb3 Kf8 33. Ra7 a5 34. Rb7 Be3 35. Kc4 Ke8 36. Kb5 1-0

[Event "ESP-chT CECLUB Div2"]
[Site "Linares"]
[Date "2018.08.17"]
[Round "5.7"]
[White "Joglar Garcia, Maria"]
[Black "Portillo Castellon, Javier"]
[Result "0-1"]
[WhiteElo "1583"]
[BlackElo "1957"]
[PlyCount "84"]
[EventDate "2018.08.14"]
[EventType "team-swiss"]
[EventRounds "7"]
[EventCountry "ESP"]
[SourceTitle "CBM 186 Extra"]
[Source "ChessBase"]
[SourceDate "2018.08.24"]
[SourceVersion "1"]
[SourceVersionDate "2018.08.24"]
[SourceQuality "1"]
[WhiteTeam "Grupo 64"]
[BlackTeam "Beniajan Duochess CAC II"]
[WhiteTeamCountry "ESP"]
[BlackTeamCountry "ESP"]

1. d4 d5 2. Bf4 c6 3. c3 Qb6 4. Qb3 Bf5 5. Nd2 Nf6 6. Qxb6 axb6 7. a3 Nbd7 8. h3 b5 9. Rc1 e6 10. Ngf3 h6 11. e3 Nb6 12. Be2 Na4 13. b4 Ne4 14. Nxe4 Bxe4 15. 0-0 Be7 16. Nd2 Bg6 17. f3 0-0 18. e4 Ra7 19. Rfe1 Bg5 20. Bxg5 hxg5 21. Bd1 Nb2 22. Ra1 Nxd1 23. Rexd1 Rfa8 24. exd5 exd5 25. Nb1 Bxb1 26. Rdxb1 Rxa3 27. Rxa3 Rxa3 28. Rc1 f5 29. Rc2 Kf7 30. Kf2 f4 31. Ke2 Ra1 32. Kd3 Rg1 33. Re2 Kg6 34. Re6+ Kh5 35. Re7 Rxg2 36. Rxb7 Rf2 37. Rxg7 Rxf3+ 38. Kd2 Rxh3 39. Rc7 g4 40. Rxc6 g3 41. Ke2 Rh2+ 42. Kf1 f3 0-1

[Event "ESP-chT CECLUB Div2"]
[Site "Linares"]
[Date "2018.08.15"]
[Round "3.8"]
[White "Joglar Garcia, Maria"]
[Black "De la Pena Garcia, Blanca"]
[Result "0-1"]
[WhiteElo "1583"]
[BlackElo "1811"]
[PlyCount "60"]
[EventDate "2018.08.14"]
[EventType "team-swiss"]
[EventRounds "7"]
[EventCountry "ESP"]
[SourceTitle "CBM 186 Extra"]
[Source "ChessBase"]
[SourceDate "2018.08.24"]
[SourceVersion "1"]
[SourceVersionDate "2018.08.24"]
[SourceQuality "1"]
[WhiteTeam "Grupo 64"]
[BlackTeam "Covadonga Cultura"]
[WhiteTeamCountry "ESP"]
[BlackTeamCountry "ESP"]

1. d4 Nf6 2. Nf3 g6 3. c4 Bg7 4. Nc3 0-0 5. e4 d6 6. Be2 Nbd7 7. 0-0 e5 8. d5 Nc5 9. Qc2 a5 10. Be3 Nfd7 11. Na4 b6 12. a3 h6 13. b4 axb4 14. axb4 Nxa4 15. Rxa4 Rxa4 16. Qxa4 f5 17. Qc2 f4 18. Bc1 g5 19. Nd2 Nf6 20. h3 h5 21. c5 bxc5 22. bxc5 g4 23. hxg4 hxg4 24. cxd6 cxd6 25. Ba3 Nh5 26. Qd3 Rf6 27. Rc1 Rh6 28. Qc3 Qh4 29. Qxc8+ Kh7 30. Qxg4 Qh1+ 0-1

[Event "ESP-chT Regional U14"]
[Site "Padron"]
[Date "2017.06.25"]
[Round "6.4"]
[White "Joglar Garcia, Maria"]
[Black "Fernandez Alvarez, Mario"]
[Result "1-0"]
[WhiteElo "1442"]
[BlackElo "1103"]
[PlyCount "127"]
[EventDate "2017.06.22"]
[EventType "team"]
[EventRounds "6"]
[EventCountry "ESP"]
[SourceTitle "EXT 2018"]
[Source "ChessBase"]
[SourceDate "2017.10.13"]
[SourceVersion "1"]
[SourceVersionDate "2017.10.13"]
[SourceQuality "1"]
[WhiteTeam "Asturias (U14)"]
[BlackTeam "La Rioja (U14)"]
[WhiteTeamCountry "ESP"]
[BlackTeamCountry "ESP"]

1. d4 Nf6 2. Nf3 e6 3. e3 d5 4. Bd3 Bd6 5. b3 Nbd7 6. Bb2 0-0 7. 0-0 Re8 8. Ne5 c5 9. Nd2 Qc7 10. f4 cxd4 11. exd4 b6 12. Rf3 Nh5 13. Rf2 Nhf6 14. Qf3 Bb7 15. Re1 a5 16. c3 a4 17. b4 a3 18. Ba1 Ba6 19. Bb1 b5 20. g4 g6 21. g5 Nh5 22. Nf1 Nb6 23. Ng3 Ng7 24. h4 Nf5 25. h5 Na4 26. hxg6 fxg6 27. Rh2 Nxg3 28. Qxg3 Nb6 29. Qh4 Qg7 30. Rf1 Rf8 31. Rf3 Nc4 32. Rfh3 Bxe5 33. dxe5 Ra7 34. Qg4 Bc8 35. Qg3 Raf7 36. Rh4 Nxe5 37. Kf2 Nc4 38. Bd3 Bb7 39. Kg1 e5 40. f5 gxf5 41. g6 Qxg6 42. Qxg6+ hxg6 43. Rh8+ Kg7 44. R2h7+ Kf6 45. Rxf8 Rxf8 46. Rxb7 Nd6 47. Rb6 Ke7 48. Bxb5 Nxb5 49. Rxb5 Ke6 50. Rb6+ Kf7 51. Rd6 d4 52. cxd4 exd4 53. Rxd4 Rc8 54. Rd1 Rc2 55. Rb1 Rxa2 56. b5 Rd2 57. b6 a2 58. Rc1 Rd8 59. Kf2 Ke6 60. Ke3 Kd5 61. Rd1+ Kc6 62. Rxd8 Kxb6 63. Rd6+ Kc5 64. Rxg6 1-0